000 01323nam a2200289 4500
001 0000021243
003 CO-CtgCURN
005 20250825223112.0
008 160627s2003 000 0 eng d
020 _a9586167089
040 _aCO-CtgCURN
_bspa
_ccoctgcurn
082 0 _a340.11
_bR39e
100 1 _aRey Martínez, Fernando.
245 1 3 _aLa etica protestante y el espiritu del constitucionalismo :
_bla impronta calvinista del constitucionalismo norteamercano /
_cFernando Rey Martínez.
260 _aBogotá :
_bUniversidad Externado de Colombia,
_c2003.
300 _a127 p.
336 _2rdacontent
337 _2rdamedia
_asin mediacion
_bn
338 _2rdacarrier
_avolumen
_bnc
490 1 _aTeoria juridica y filosofia del derecho ;
_v26
504 _aBibliografia (p. 117-121)
505 8 _aDe verdad ha sido tan importante la huella calvinista en el constitucionalismo y mas especificamente en la originalidad del norteamericano?.--Calvinismo y constitucionalismo.--La teología federal del Calvino.--Presbiterianos y congregacionalistas.--La impronta calvinista del constitucionalismo norteamericano
650 0 _aDerecho constitucional
_zEstados unidos.
908 _a160627
942 _cBK
_h340.11
_iR39e
_2ddc
999 _c49575
_d49575
_x1